<?xml version="1.0" encoding="UTF-8"?>
<record
    xmlns:xsi="http://www.w3.org/2001/XMLSchema-instance"
    xsi:schemaLocation="http://www.loc.gov/MARC21/slim http://www.loc.gov/standards/marcxml/schema/MARC21slim.xsd"
    xmlns="http://www.loc.gov/MARC21/slim">

  <leader>03365nam a2200325 a 4500</leader>
  <controlfield tag="001">000046688</controlfield>
  <controlfield tag="003">DO-SdBPM</controlfield>
  <controlfield tag="005">20251021100314.0</controlfield>
  <controlfield tag="007">ta</controlfield>
  <controlfield tag="008">180319s2017    dr       000   spa d</controlfield>
  <datafield tag="020" ind1=" " ind2=" ">
    <subfield code="a">9789945503012</subfield>
  </datafield>
  <datafield tag="040" ind1=" " ind2=" ">
    <subfield code="a">DO-SdBPM</subfield>
    <subfield code="b">spa</subfield>
    <subfield code="c">BPMSU </subfield>
    <subfield code="d">rda</subfield>
  </datafield>
  <datafield tag="082" ind1=" " ind2="4">
    <subfield code="a">868.5</subfield>
    <subfield code="b">C719v 2017</subfield>
    <subfield code="2">22</subfield>
  </datafield>
  <datafield tag="245" ind1="0" ind2="0">
    <subfield code="a">Coloquios 2016/</subfield>
    <subfield code="b">Tony Raful Tejeda...[y otros veintiunuo]</subfield>
  </datafield>
  <datafield tag="246" ind1="1" ind2="4">
    <subfield code="a">Coloquios :</subfield>
    <subfield code="b">Feria Internacional del libro 2016</subfield>
  </datafield>
  <datafield tag="264" ind1=" " ind2=" ">
    <subfield code="a">Santo Domingo :</subfield>
    <subfield code="b">Editora Nacional,</subfield>
    <subfield code="c">2017.</subfield>
  </datafield>
  <datafield tag="300" ind1=" " ind2=" ">
    <subfield code="a">227 p&#xE1;ginas  ;</subfield>
    <subfield code="c">21 cm.</subfield>
  </datafield>
  <datafield tag="336" ind1=" " ind2=" ">
    <subfield code="a">texto</subfield>
    <subfield code="b">txt</subfield>
    <subfield code="2">rdacontent</subfield>
  </datafield>
  <datafield tag="337" ind1=" " ind2=" ">
    <subfield code="a">sin mediaci&#xF3;n</subfield>
    <subfield code="b">n</subfield>
    <subfield code="2">rdamedia</subfield>
  </datafield>
  <datafield tag="338" ind1=" " ind2=" ">
    <subfield code="a">volumen</subfield>
    <subfield code="b">nc</subfield>
    <subfield code="2">rdacarrier</subfield>
  </datafield>
  <datafield tag="505" ind1="0" ind2=" ">
    <subfield code="a">Sobre la narrativa y vida de Pedro Peix ; Tony Raful Tejeda -- Pedro Peix: Collages que desnudan el artificio verbal de la ficci&#xF3;n ; Carlos Sangiovanni  -- La t&#xE9;cnica como angustia del escritor ; Andr&#xE9;s L. Mateo -- la revoluci&#xF3;n ling&#xFC;&#xED;stica de Saussure (1916-2016) ; Carlisle Gonz&#xE1;lez Tapia -- Aportes de Saussure a la ense&#xF1;anza de la ling&#xFC;&#xED;stica en la Rep&#xFA;blica Dominicana ; Bartolo Garc&#xED;a Molina -- El partido del signo y su teor&#xED;a ling&#xFC;&#xED;stica ; Di&#xF3;genes C&#xE9;spedes -- Notas para una relectura del Curso de ling&#xFC;&#xED;stica general de Ferdinand de Saussure ; Manuel Matos Moquete -- Salom&#xE9; Ure&#xF1;a esboza una naci&#xF3;n moderna ; &#xC1;ngela Hern&#xE1;ndez -- La poes&#xED;a patri&#xF3;tica y rom&#xE1;ntica de Salom&#xE9; Ure&#xF1;a ; Eleonor Grimaldi Sili&#xE9; /--Figuraciones del amor en las obras de Salom&#xE9; Ure&#xF1;a ; Pura Emeterio Rond&#xF3;n -- La primera intervenci&#xF3;n militar norteamericana un siglo despu&#xE9;s. Antecedentes y causas externas ; E. Augusto Bravo -- La ocupaci&#xF3;n americana de 1916-1924. Notas de un centenario ; Jos&#xE9; del Castillo -- Los espacios de la vigilancia durante la primera ocupaci&#xF3;n militar estadounidense ; Mar&#xED;a Filomena Gonz&#xE1;lez Canalda -- La libertad en el Quijote ; Dr. Enrique S&#xE1;nchez Costa -- Don Quijote: caballero andante de la locura ; Dr. Jes&#xFA;s Losada -- El coloquio de los perros: una peque&#xF1;a muestra del genio de Cervantes ; Eugenio Camacho -- Rub&#xE9;n Dar&#xED;o, el legado de un defensor de la poes&#xED;a en la teor&#xED;a y en la praxis escritural ; Mateo Morrison --  Vigencia ideal de Rub&#xE9;n Dar&#xED;o. Ensayo sobre el azul en la edad tecnol&#xF3;gica; Gonzalo Mart&#xED;n de Marcos -- A un siglo de la muerte de Rub&#xE9;n Dar&#xED;o. Legado, vigencia y renovaci&#xF3;n; Luis Ricardo Ar&#xE9;valo Arias.</subfield>
  </datafield>
  <datafield tag="520" ind1=" " ind2=" ">
    <subfield code="a">Este libro recoge los principales coloquios realizados en el marco de la pasada Feria Internacional del Libro de Santo Domingo. La lectura de esas intervenciones de escritores y acad&#xE9;micos nos permite adentrarnos en la obra de autores fundamentales como Salom&#xE9; Ure&#xF1;a en el &#xE1;mbito nacional, y Cervantes y Rub&#xE9;n Dar&#xED;o en el internacional. Tambi&#xE9;n en ese evento se abord&#xF3; la narrativa de Pedro Peix, el Curso de Ling&#xFC;&#xED;stica General de Saussure y la primera intervenci&#xF3;n militar norteamericana en el pa&#xED;s. Todo ello compone un mapa intelectual de los principales temas tratados en la FIL Santo Domingo 2016.</subfield>
  </datafield>
  <datafield tag="590" ind1=" " ind2=" ">
    <subfield code="a">Inventariado,2025/VM</subfield>
  </datafield>
  <datafield tag="600" ind1="1" ind2="4">
    <subfield code="a">Peix, Pedro</subfield>
    <subfield code="d">1952-2015</subfield>
    <subfield code="x">Cr&#xED;tica e interpretaci&#xF3;n</subfield>
  </datafield>
  <datafield tag="650" ind1=" " ind2="7">
    <subfield code="a">Literatura dominicana </subfield>
    <subfield code="v">Ensayos, conferencias</subfield>
  </datafield>
  <datafield tag="650" ind1=" " ind2="7">
    <subfield code="a">Literatura dominicana</subfield>
    <subfield code="x">Historia y critica</subfield>
  </datafield>
  <datafield tag="710" ind1="2" ind2=" ">
    <subfield code="a">Feria Internacional de Libro Santo Domingo </subfield>
  </datafield>
  <datafield tag="910" ind1=" " ind2=" ">
    <subfield code="a">VMateo V. Control de calidad. BPMSU </subfield>
  </datafield>
  <datafield tag="942" ind1=" " ind2=" ">
    <subfield code="2">ddc</subfield>
    <subfield code="c">BK</subfield>
  </datafield>
  <datafield tag="952" ind1=" " ind2=" ">
    <subfield code="0">0</subfield>
    <subfield code="1">0</subfield>
    <subfield code="2">ddc</subfield>
    <subfield code="7">0</subfield>
    <subfield code="8">CD</subfield>
    <subfield code="a">BPMET</subfield>
    <subfield code="b">BPMET</subfield>
    <subfield code="d">2025-09-17</subfield>
    <subfield code="l">0</subfield>
    <subfield code="o">BPMSU CD 868.5 C719v 2017</subfield>
    <subfield code="p">BPMSU25090076</subfield>
    <subfield code="r">2025-09-17</subfield>
    <subfield code="w">2025-09-17</subfield>
    <subfield code="y">BK</subfield>
  </datafield>
  <datafield tag="952" ind1=" " ind2=" ">
    <subfield code="0">0</subfield>
    <subfield code="1">0</subfield>
    <subfield code="2">ddc</subfield>
    <subfield code="7">0</subfield>
    <subfield code="8">CD</subfield>
    <subfield code="a">BPMET</subfield>
    <subfield code="b">BPMET</subfield>
    <subfield code="d">2025-09-17</subfield>
    <subfield code="l">0</subfield>
    <subfield code="o">BPMSU CD 868.5 C719v 2017</subfield>
    <subfield code="p">BPMSU25090077</subfield>
    <subfield code="r">2025-09-17</subfield>
    <subfield code="t">e.2</subfield>
    <subfield code="w">2025-09-17</subfield>
    <subfield code="y">BK</subfield>
  </datafield>
  <datafield tag="952" ind1=" " ind2=" ">
    <subfield code="0">0</subfield>
    <subfield code="1">0</subfield>
    <subfield code="2">ddc</subfield>
    <subfield code="7">0</subfield>
    <subfield code="8">CD</subfield>
    <subfield code="a">BPMET</subfield>
    <subfield code="b">BPMET</subfield>
    <subfield code="d">2025-09-17</subfield>
    <subfield code="l">0</subfield>
    <subfield code="o">BPMSU CD 868.5 C719v 2017</subfield>
    <subfield code="p">BPMSU25110020</subfield>
    <subfield code="r">2025-11-07</subfield>
    <subfield code="t">e.3</subfield>
    <subfield code="w">2025-09-17</subfield>
    <subfield code="y">BK</subfield>
  </datafield>
  <datafield tag="999" ind1=" " ind2=" ">
    <subfield code="c">15400</subfield>
    <subfield code="d">15400</subfield>
  </datafield>
</record>
